[Event "Open"]
[Site "Kavala GRE"]
[Date "2007.08.06"]
[Round "3"]
[White "Kotrotsos,V"]
[Black "Nikolov,M"]
[Result "0-1"]
[WhiteElo "2337"]
[BlackElo "2474"]

1.e4 c5 2.Nf3 Nc6 3.d4 cxd4 4.Nxd4 Qb6 5.Nb3 Nf6 6.Nc3 e6 7.Qe2 d6 8.g4 a6
9.Bd2 Qc7 10.O-O-O Be7 11.g5 Nd7 12.f4 b5 13.Bg2 Nb6 14.Nd5 exd5 15.exd5 Nb8
16.Rhe1 Ra7 17.Ba5 O-O 18.Qf2 Bd8 19.Be4 N8d7 20.Nd4 Nc5 21.Nc6 Nxe4 22.Rxe4 Rb7
23.Rde1 Bd7 24.Nxd8 Rxd8 25.Re7 Rdb8 26.f5 Qc4 27.Bxb6 Qxd5 28.Qe3 Rf8 29.f6 g6
30.Qf4 h6 31.gxh6 Kh7 32.Rd1 Qg2 33.Bf2 Bf5 34.Rxb7 Qxb7 35.c3 Rc8 36.Re1 Qd5
37.Re7 Qd3 38.Rxf7+ Kh8 39.Qxf5 Qxf5 40.Bd4 Qf4+ 41.Kd1 Qf1+ 42.Kd2 Qg2+
43.Kd1 Qh1+ 44.Kd2 Qxh2+ 45.Kd1 Qxh6 46.Rg7 Rf8  0-1

[Event "Valoz Cup GMA"]
[Site "Olomouc CZE"]
[Date "2007.08.06"]
[Round "8"]
[White "Ismagambetov,An"]
[Black "Vorobiov,E"]
[Result "1-0"]
[WhiteElo "2479"]
[BlackElo "2572"]

1.e4 c5 2.Nf3 Nc6 3.d4 cxd4 4.Nxd4 Qc7 5.Nc3 e6 6.Be3 a6 7.Qd2 Nf6 8.O-O-O Bb4
9.f3 Ne7 10.Nde2 b5 11.Kb1 Ba5 12.Bf4 e5 13.Bg5 Qc6 14.Qd3 O-O 15.f4 Bc7
16.Nd5 Nexd5 17.exd5 e4 18.Qd4 Qb6 19.Bxf6 Qxf6 20.Qxe4 Bb7 21.g3 Rfe8 22.Qd3 Bb6
23.Bg2 Re3 24.Qd2 Rae8 25.Nc1 h5 26.Rhe1 Qf5 27.Rxe3 Rxe3 28.d6 Be4 29.Bxe4 Qxe4
30.Nd3 Re2 31.Qc3 Kh7 32.Qe5 Qf3 33.Qf5+ Kh6 34.Rc1 Bd4 35.Nb4 a5 36.Nd3 b4
37.Qg5+ Kh7 38.Nc5 Qe3 39.Nb3 g6 40.Qxa5 Bf6 41.Qxb4 Rxh2 42.a4 Qxg3 43.a5 Rf2
44.a6 Qxf4 45.Qxf4 Rxf4 46.Nc5 Rb4 47.c3 Rb5 48.b4  1-0

[Event "FSIMB August"]
[Site "Budapest HUN"]
[Date "2007.08.07"]
[Round "2"]
[White "Lengyel,B"]
[Black "Khairallah,F"]
[Result "0-1"]
[WhiteElo "2289"]
[BlackElo "2323"]

1.e4 c5 2.Nf3 Nc6 3.d4 cxd4 4.Nxd4 Qb6 5.Nb3 Nf6 6.Nc3 e6 7.a3 Qc7 8.Be2 a6
9.O-O d6 10.f4 b5 11.Bf3 Rb8 12.Kh1 Be7 13.g4 h6 14.Bg2 Bb7 15.Be3 Nd7 16.Qe2 Nb6
17.Rad1 Nc4 18.Bc1 N6a5 19.Rd3 g5 20.f5 Nxb3 21.cxb3 Ne5 22.Rh3 Qd8 23.Be3 Bf6
24.Rh5 Bc6 25.Rd1 Qc7 26.Rf1 Ke7 27.Nd1 a5 28.Nf2 a4 29.b4 Rbc8 30.Rh3 Nc4
31.Bc1 Bd7 32.Rd3 Ne5 33.Rc3 Qb7 34.Bd2 Bc6 35.Rcc1 Nc4 36.Bc3 Bxc3 37.Rxc3 e5
38.Rd1 f6 39.Bf3 Be8 40.Kg2 Bf7 41.Rcd3 Rc6 42.h4 Nb6 43.R3d2 Bc4 44.Qe1 Bb3
45.Rc1 Rhc8 46.Rxc6 Qxc6 47.hxg5 hxg5 48.Qh1 Qc1 49.Qh7+ Bf7 50.Rxd6 Kxd6
51.Qxf7 Nd7 52.Qe6+ Kc7 53.Be2 Qc6 54.Qxc6+ Kxc6 55.Nd1 Nb6 56.Nc3 Rd8 57.Bxb5+ Kc7
58.Bxa4 Rd2+ 59.Kf1 Rxb2 60.Bd1 Rd2 61.Be2 Rc2 62.Nb5+ Kc6 63.Na7+ Kd6 64.Nb5+ Ke7
65.Ke1 Nc4 66.Bd3 Rc1+ 67.Ke2 Nb2 68.Na7 Rc3 69.Bb5 Rxa3 70.Nc6+ Kd6 71.Nd8 Kc7
72.Ne6+ Kd6 73.Be8 Nc4 74.Nc5 Ra2+ 75.Kf3 Ra3+ 76.Ke2 Rg3 77.Bh5 Rb3 78.Na6 Nb6
79.Kd2 Nd7 80.Bf7 Rg3 81.Bh5 Kc6 82.Be8 Kb6 83.b5 Nc5 84.Nb4 Nxe4+ 85.Ke2 Kc5
86.Nd3+ Kb6 87.Bc6 Nc3+ 88.Kd2 Nxb5 89.Bd5 Rxg4 90.Bf3 Rg3 91.Be4 Nd4 92.Nb4 Kc5
93.Nd5 Rh3 94.Nxf6 Rh2+ 95.Ke3 Rh3+ 96.Kf2 Rh4 97.Bd3 Nxf5 98.Nd7+ Kd4 99.Bb5 e4
100.Nf8 e3+ 101.Kg2 Rg4+ 102.Kh2 Ke5 103.Nd7+ Kf4 104.Nc5 Kf3 105.Bc6+ Kf2
106.Nd3+ Kf1 107.Bg2+ Rxg2+  0-1

[Event "RC Sport Open"]
[Site "Ceska Trebova CZE"]
[Date "2007.08.11"]
[Round "2"]
[White "Havlikova,K"]
[Black "Plischki,S"]
[Result "0-1"]
[WhiteElo "2164"]
[BlackElo "2397"]

1.e4 c5 2.Nf3 Nc6 3.d4 cxd4 4.Nxd4 Qb6 5.Nb3 Nf6 6.Nc3 e6 7.Be3 Qc7 8.Be2 Bb4
9.O-O Bxc3 10.bxc3 d6 11.Qd3 O-O 12.Rad1 Ne5 13.Qd4 b6 14.Bf4 Bb7 15.Qxd6 Qxd6
16.Rxd6 Ng6 17.Be3 Nxe4 18.Rd7 Nxc3 19.Bd3 Bc6 20.Rd6 Bb5 21.Ra1 Bxd3 22.Rxd3 Rac8
23.Rd7 Ra8 24.a4 Ne5 25.Rb7 Nc4 26.a5 Nd5 27.a6 e5 28.Ra4 Ncxe3 29.fxe3 Nxe3
30.Re4 Nxc2 31.Rc4 Na3 32.Rcc7 Nb5 33.Re7 Rae8 34.Nd2 Rxe7 35.Rxe7 f6  0-1

[Event "17th Chess Festival"]
[Site "Abu Dhabi UAE"]
[Date "2007.08.15"]
[Round "4"]
[White "Udeshi,A"]
[Black "Mahjoob,M"]
[Result "0-1"]
[WhiteElo "2307"]
[BlackElo "2479"]

1.e4 c5 2.Nf3 Nc6 3.d4 cxd4 4.Nxd4 Qb6 5.Nb3 Nf6 6.Nc3 e6 7.Bd3 a6 8.O-O Be7
9.Kh1 d6 10.Qe2 Qc7 11.Bd2 O-O 12.f4 b5 13.a3 Bb7 14.Rae1 Nd7 15.Qh5 g6 16.Qh3 Rfe8
17.Re2 Bf6 18.Ref2 Nd4 19.e5 Nxb3 20.cxb3 Bg7 21.Ne4 Bxe4 22.Bxe4 Rac8 23.exd6 Qxd6
24.Bb4 Qb6 25.Rd2 Nc5 26.Bxc5 Rxc5 27.b4 Rc4 28.Qf3 Rd8 29.Re2 h5 30.h3 h4
31.Bb1 Rcd4 32.Ref2 Rd2 33.Rxd2 Rxd2 34.b3 f5 35.a4 Kh7 36.axb5 Qxb5 37.Re1 Qd5
38.Qf1 Bf8 39.Rc1 Bxb4 40.Kh2 Bd6 41.Rc4 g5  0-1

[Event "ch-Euro IBCA"]
[Site "Durham ENG"]
[Date "2007.08.18"]
[Round "5"]
[White "Pribeanu,D"]
[Black "Krylov,Sergey"]
[Result "0-1"]
[WhiteElo "2228"]
[BlackElo "2409"]

1.e4 c5 2.Nf3 Nc6 3.d4 cxd4 4.Nxd4 Qb6 5.Nb3 Nf6 6.Nc3 e6 7.Qe2 Qc7 8.g4 h6
9.Bd2 a6 10.O-O-O b5 11.Bg2 d6 12.f4 Bb7 13.e5 dxe5 14.fxe5 Nd7 15.Bf4 Rc8
16.Kb1 Be7 17.Ne4 Nb4 18.Nd6+ Bxd6 19.exd6 Qb8 20.c3 Bxg2 21.Qxg2 Nc6 22.g5 hxg5
23.Qxg5 Kf8 24.Rhg1 Rh7 25.Na5 Qb6 26.Nxc6 Qxc6 27.h4 Re8 28.h5 e5 29.Qf5 Kg8
30.Bc1 Re6 31.Rg6 Rxh5 32.Rxg7+ Kxg7 33.Qxh5 Rxd6 34.Qg4+ Kf8 35.Rf1 Nf6
36.Qg1 Ne4 37.Qa7 Qd5 38.Ka1 Ng3 39.Re1 Re6 40.Be3 Nf5 41.Bc5+ Kg7 42.a3 Rg6
43.Rf1 Qd3 44.Rb1 e4 45.Qb8 e3 46.Qe5+ Kh7 47.Qe8 Rg7 48.Bf8 e2 49.Bxg7 Kxg7
50.Qe5+ Kf8 51.Ka2 Ne3 52.Rh1 Qd5+ 53.Qxd5 Nxd5 54.Re1 Nf4 55.Kb1 Ke7 56.Kc2 Ke6
57.Kd2 Ke5 58.b3 Ke4 59.c4 bxc4 60.bxc4 Kd4 61.Rg1 f5 62.c5 Kxc5 63.Ke3 e1=Q+  0-1

[Event "Open"]
[Site "Ptuj SLO"]
[Date "2007.08.18"]
[Round "8"]
[White "Roskar,R"]
[Black "Doric,N"]
[Result "0-1"]
[WhiteElo "2279"]
[BlackElo "2318"]

1.e4 c5 2.Nf3 Nc6 3.d4 cxd4 4.Nxd4 Qb6 5.Nb3 Nf6 6.Nc3 e6 7.Be3 Qc7 8.Bd3 d6
9.f4 a6 10.a4 b6 11.O-O Be7 12.Qf3 O-O 13.g4 Nd7 14.g5 Nb4 15.Qh5 Re8 16.Rf3 g6
17.Qh4 Nxd3 18.cxd3 Bb7 19.Rc1 Qd8 20.Rh3 h5 21.Ne2 Bf8 22.Ng3 Bg7 23.Nd4 Rc8
24.Rf1 d5 25.Nxh5 gxh5 26.Qxh5 dxe4 27.f5 Rc5 28.Qh7+ Kf8 29.fxe6 Rxg5+ 30.Rg3 Rxg3+
31.hxg3 Nf6 32.Qh3 Bd5 33.Bh6 Bxe6 34.Nf5 Bxf5 35.Bxg7+ Kxg7 36.Qxf5 Qd4+
37.Rf2 Re6 38.Qg5+ Kf8 39.dxe4 Qxf2+  0-1

[Event "Euwe Stimulans"]
[Site "Arnhem NED"]
[Date "2007.08.19"]
[Round "3"]
[White "Barua,D"]
[Black "Panno,O"]
[Result "1-0"]
[WhiteElo "2462"]
[BlackElo "2457"]

1.e4 c5 2.Nf3 Nc6 3.d4 cxd4 4.Nxd4 Qb6 5.Nb3 Nf6 6.Nc3 e6 7.a3 Qc7 8.Qe2 a6
9.g4 d6 10.Bg2 Be7 11.Bd2 Rb8 12.a4 b6 13.g5 Nd7 14.h4 Nc5 15.Be3 O-O 16.Nd4 Bb7
17.O-O Rfe8 18.Nxc6 Qxc6 19.Bd4 Nd7 20.f4 Qc7 21.Qf2 Bc8 22.h5 Bd8 23.Qg3 Qc4
24.Rad1 b5 25.axb5 axb5 26.h6 b4 27.b3 Qc7 28.Na4 g6 29.Rd2 Ba6 30.Rfd1 Bb5
31.Bg7 Bxa4 32.bxa4 Be7 33.f5 gxf5 34.exf5 Qc5+ 35.Rf2 Ne5 36.Kh1 Qa5 37.Rdf1 exf5
38.Rxf5 Qxa4 39.Bd5 Qxc2  1-0

[Event "20th Open"]
[Site "Panevezys LTU"]
[Date "2007.08.21"]
[Round "5"]
[White "Labuckas,A"]
[Black "Malinin,Y"]
[Result "1/2-1/2"]
[WhiteElo "2291"]
[BlackElo "2374"]

1.Nf3 c5 2.e4 Nc6 3.d4 cxd4 4.Nxd4 Qb6 5.Nb3 Nf6 6.Nc3 e6 7.a3 Be7 8.Be2 O-O
9.O-O a6 10.Be3 Qc7 11.f4 d6 12.Qe1 b5 13.Bf3 Bb7 14.g4 b4 15.axb4 Nxb4 16.Qf2 d5
17.e5 Ne4 18.Bxe4 dxe4 19.Rac1 Rac8 20.g5 Ba8 21.h4 Nd5 22.Nxd5 Bxd5 23.Nd4 Bc5
24.c3 Rfd8 25.Rfd1 Bxd4 26.Rxd4 Bc4 27.Kh2 Bd3 28.Rxd8+ Qxd8 29.Rg1 g6 30.h5 gxh5
31.Kg3 Bc4 32.Bd4 Qd5 33.Qe3 Rb8 34.Rg2 Qb5 35.Kh4 Qb3 36.Rd2 Qa2 37.b4 Qb1
38.Qg1 Qb3 39.f5 Qa4 40.g6 fxg6 41.fxg6 Qe8 42.gxh7+ Kxh7 43.Rg2 Qe7+ 44.Kxh5 Rf8
45.Qh2 Rf5+ 46.Kg4+ Kg6 47.Be3 Qh7 48.Qxh7+ Kxh7 49.Rh2+ Kg6 50.Bf4 e3 51.Bxe3 Rxe5
52.Rh6+ Kg7 53.Bd4 Kxh6 54.Bxe5  1/2-1/2

[Event "1st Serbian League Men"]
[Site "Zlatibor SRB"]
[Date "2007.08.21"]
[Round "1"]
[White "Pavlovic,Milos"]
[Black "Miladinovic,I"]
[Result "1/2-1/2"]
[WhiteElo "2541"]
[BlackElo "2605"]

1.e4 c5 2.Nf3 Nc6 3.d4 cxd4 4.Nxd4 Qc7 5.c4 Nf6 6.Nc3 e6 7.Be2 a6 8.O-O Bd6
9.Kh1 Nxd4 10.Qxd4 b6 11.f4 e5 12.Qf2 exf4 13.Nd5 Nxd5 14.cxd5 O-O 15.Bd3 f5
16.Bxf4 Bxf4 17.Qxf4 Qxf4 18.Rxf4 d6 19.Re1 Ra7 20.h4 g6 21.g3 h6  1/2-1/2

[Event "X Open"]
[Site "Banyoles ESP"]
[Date "2007.08.23"]
[Round "8"]
[White "Kuipers,S"]
[Black "Pogorelov,R"]
[Result "1-0"]
[WhiteElo "2245"]
[BlackElo "2453"]

1.e4 c5 2.Nf3 Nc6 3.d4 cxd4 4.Nxd4 Qc7 5.Nc3 e6 6.Be3 a6 7.Qd2 Nf6 8.O-O-O Bb4
9.f3 Ne5 10.Nb3 d5 11.Bd4 O-O 12.Kb1 dxe4 13.Qg5 Ng6 14.Nxe4 Nxe4 15.fxe4 e5
16.Be3 Be6 17.h4 Rac8 18.Bd3 Be7 19.Qh5 a5 20.Nc1 a4 21.a3 b5 22.c3 Bc4 23.Qg4 Bxd3+
24.Nxd3 Qc4 25.h5 f5 26.Qe2 Nh4 27.exf5 Nxf5 28.Rhe1 Bh4 29.Bf2 Bxf2 30.Nxf2 Qxe2
31.Rxe2 Ng3 32.Re3 Nxh5 33.Rxe5 Rxf2 34.Rxh5 b4 35.axb4 a3 36.bxa3 Rxc3 37.Rh3 Rxh3
38.gxh3 Rf3 39.Kb2 Kf7 40.b5 Ke7 41.a4 Rxh3 42.b6 Rh6 43.a5 Rh5 44.Ra1 Kd6
45.a6 Rb5+ 46.Kc3 Rxb6 47.a7 Rc6+ 48.Kd4 Rc8 49.a8=Q Rxa8 50.Rxa8 Ke6 51.Ke4 Kf6
52.Kf4 Kg6 53.Kg4 Kf6 54.Ra6+ Ke5 55.Kg5  1-0

[Event "15th Open"]
[Site "Nikea GRE"]
[Date "2007.08.25"]
[Round "4"]
[White "Hrisafis,A"]
[Black "Banikas,H"]
[Result "0-1"]
[WhiteElo "2083"]
[BlackElo "2567"]

1.e4 c5 2.Nf3 Nc6 3.d4 cxd4 4.Nxd4 Qc7 5.Nc3 e6 6.Be2 a6 7.O-O Nf6 8.Be3 Bb4
9.f3 O-O 10.Kh1 Ne7 11.Qd3 d5 12.Bg5 Rd8 13.Bxf6 gxf6 14.Rad1 e5 15.Nf5 Bxf5
16.exf5 Rac8 17.f4 e4 18.Qg3+ Kh8 19.Na4 Qxc2 20.Qh4 Rc6 21.Bh5 Rg8 22.Qh3 Qxa4
23.Bxf7 Rg7 24.Bxd5 Nxd5 25.Rxd5 Rd6 26.b3 Qc6  0-1

[Event "1st Serbian League Men"]
[Site "Zlatibor SRB"]
[Date "2007.09.01"]
[Round "11"]
[White "Aleksic,Nen1"]
[Black "Matulovic,M"]
[Result "1/2-1/2"]
[WhiteElo "2374"]
[BlackElo "2389"]

1.e4 c5 2.Nf3 Nc6 3.d4 cxd4 4.Nxd4 Qc7 5.Nc3 e6 6.g3 a6 7.Bg2 d6 8.O-O Be7
9.Re1 Bd7 10.Nxc6 Bxc6 11.a4 Nf6  1/2-1/2

[Event "Highlands Open A"]
[Site "Zdar nad Sazavou CZE"]
[Date "2007.09.27"]
[Round "6"]
[White "Olsarova,T"]
[Black "Svoboda,V2"]
[Result "0-1"]
[WhiteElo "1983"]
[BlackElo "2204"]

1.e4 c5 2.Nf3 Nc6 3.d4 cxd4 4.Nxd4 Qb6 5.Nb3 Nf6 6.Nc3 e6 7.Bd3 Be7 8.O-O O-O
9.Qe2 d6 10.Bg5 a6 11.Rae1 Qc7 12.f4 h6 13.e5 dxe5 14.fxe5 Nxe5 15.Qxe5 Qxe5
16.Rxe5 hxg5 17.Rxg5 Nd5 18.Rh5 Nf6 19.Re5 Bd7 20.Nc5 Bc6 21.N5e4 Ng4 22.Rh5 g6
23.Rh3 Bxe4  0-1

[Event "27th Open"]
[Site "Munich GER"]
[Date "2007.10.02"]
[Round "4"]
[White "Basener,W"]
[Black "Terekhov,A"]
[Result "0-1"]
[WhiteElo "2210"]
[BlackElo "2318"]

1.e4 c5 2.Nf3 Nc6 3.d4 cxd4 4.Nxd4 Qb6 5.Nb3 Nf6 6.Nc3 e6 7.Be3 Qc7 8.a3 d6
9.f4 a6 10.Be2 b5 11.O-O Be7 12.Bf3 Bb7 13.Qe1 O-O 14.Rd1 Rac8 15.Qf2 Nd7
16.Rd2 Ba8 17.Rfd1 Rfd8 18.g4 Rb8 19.g5 Nb6 20.Re2 Nc4 21.Bc1 a5 22.Kh1 Qb6
23.Qxb6 Rxb6 24.Nd2 Nxd2 25.Rdxd2 Rc8 26.Nd5 Ra6 27.Nxe7+ Nxe7 28.Kg2 d5
29.exd5 Bxd5 30.b3 Rac6 31.Bb2 Bxf3+ 32.Kxf3 Nd5 33.f5 Nc3 34.fxe6 Nxe2 35.e7 Re8
36.Rxe2 Re6 37.Rxe6 fxe6 38.Bc3 Rxe7 39.Bxa5 Kf7 40.Ke4 Ra7 41.Bb4 Rc7 42.c3 Kg6
43.a4 bxa4 44.bxa4 Kxg5 45.Kd4 Rc6 46.a5 Kf4 47.c4 g5 48.c5 g4 49.Be1 h5
50.Bg3+ Kf3 51.Kc4 Ke4 52.Bf2 e5 53.Kb5 Kd5 54.a6 Rc8 55.a7 h4 56.Kb6 Ra8
57.Kb7 Rxa7+ 58.Kxa7 Kc6 59.Ka6 g3 60.hxg3 h3 61.Bg1 e4 62.Ka5 e3 63.g4 e2
64.Bf2 h2 65.Kb4 h1=Q 66.Kc3 e1=Q+ 67.Bxe1 Qxe1+  0-1

[Event "Open"]
[Site "Winterthur SUI"]
[Date "2007.10.05"]
[Round "1"]
[White "Hajnal,Z"]
[Black "Karrer,P"]
[Result "1/2-1/2"]
[WhiteElo "2381"]
[BlackElo "1955"]

1.e4 c5 2.Nf3 Nc6 3.d4 cxd4 4.Nxd4 Qb6 5.Nb3 Nf6 6.Nc3 e6 7.Be3 Qc7 8.f3 Bb4
9.Qd2 d5 10.Bc5 Bxc5 11.Nxc5 O-O 12.exd5 Rd8 13.O-O-O Nxd5 14.Bb5 b6 15.N5e4 Bb7
16.Qg5 Ncb4 17.Rd2 Nxc3 18.Nxc3 Rxd2 19.Qxd2 Rd8 20.Qe3 Nd5 21.Nxd5 Rxd5
22.Bd3 Qe5 23.Qxe5 Rxe5 24.Rf1 f5 25.b4 Rd5 26.Re1 Rd6 27.Bc4 Kf7 28.Re3 Bd5
29.Bf1 Kf6  1/2-1/2

[Event "KNSB TCh-NED 2007-8"]
[Site "Netherlands NED"]
[Date "2007.10.06"]
[Round "2"]
[White "Cuijpers,F"]
[Black "Middelburg,T"]
[Result "1-0"]
[WhiteElo "2485"]
[BlackElo "2398"]

1.e4 c5 2.Nf3 Nc6 3.d4 cxd4 4.Nxd4 Qc7 5.Nc3 e6 6.Be3 a6 7.f4 b5 8.Be2 Bb7
9.O-O b4 10.Na4 Nf6 11.Bf3 Na5 12.Qd3 Nc4 13.Bf2 Be7 14.Rac1 d5 15.exd5 Nxd5
16.b3 Nd6 17.Bg3 Bf6 18.f5 e5 19.Rfe1 O-O 20.Bxe5 Bxe5 21.Rxe5 Nb5 22.Rxd5 Bxd5
23.Bxd5 Rad8 24.Nxb5 axb5 25.Qxb5 Qf4 26.Rd1 Qe3+ 27.Kh1 Rfe8 28.Qf1 Kf8
29.Qg1 Qe2 30.c4 bxc3 31.Nxc3 Qc2 32.Rc1 Qb2 33.h3 Re5 34.Bc4 Rd2 35.Na4 Qxa2
36.Qa7 Rxf5 37.Qb8+ Ke7 38.Qc7+ Kf6 39.Qxf7+ Kg5 40.Qxg7+ Kf4 41.Qg4+  1-0

[Event "TCh-ROU Superliga"]
[Site "Predeal ROU"]
[Date "2007.10.13"]
[Round "1"]
[White "Ocnarescu,V"]
[Black "Chirila,I"]
[Result "1/2-1/2"]
[WhiteElo "2197"]
[BlackElo "2423"]

1.e4 c5 2.Nf3 Nc6 3.d4 cxd4 4.Nxd4 Qb6 5.Nb3 Nf6 6.Nc3 e6 7.a3 a6 8.Bf4 e5
9.Bg5 Be7 10.Bxf6 Bxf6 11.Be2 Qd8 12.Bg4 d6 13.Bxc8 Rxc8 14.Qd3 Ne7 15.O-O Bg5
16.Rad1 Rc6 17.Nd5 Nxd5 18.Qxd5 Qb6 19.Na5 Rc5 20.Nc4 Rxd5 21.Nxb6 Rc5 22.c3 Ke7
23.g3 Rd8 24.Kg2 Bh6 25.Nd5+ Ke6 26.f4 exf4 27.gxf4 Re8 28.Ne3 g6 29.f5+ Kd7
30.Ng4 Bg7 31.fxg6 fxg6 32.Nf6+ Bxf6 33.Rxf6 Rxe4 34.Rfxd6+ Kc7 35.R1d2 Re7
36.R6d3 Kc6 37.Rd6+ Kc7 38.R6d3 Kc6 39.Rd6+ Kb5 40.b3 Rxc3 41.R2d5+ Rc5 42.a4+ Kb4
43.Rb6+ Ka5 44.Rxa6+ Kxa6 45.Rxc5 Re2+ 46.Kg1 Kb6 47.Rb5+ Kc6 48.Kh1 Rf2
49.Kg1 Rc2 50.b4 Rd2 51.Rc5+  1/2-1/2

[Event "TCh-ROU Superliga"]
[Site "Predeal ROU"]
[Date "2007.10.18"]
[Round "6"]
[White "Lupulescu,C"]
[Black "Cosma,I"]
[Result "1/2-1/2"]
[WhiteElo "2562"]
[BlackElo "2467"]

1.e4 c5 2.Nf3 Nc6 3.d4 cxd4 4.Nxd4 Qc7 5.Nc3 e6 6.Be3 a6 7.Qd2 Nf6 8.O-O-O b5
9.Bf4 e5 10.Nxc6 exf4 11.e5 dxc6 12.exf6 gxf6 13.Ne4 Bg7 14.Nd6+ Kf8 15.Qb4 Qe7
16.Be2 Bh6 17.Bf3 Be6 18.Rhe1 Rg8 19.Qe4 Rg6 20.Qxc6 Rd8 21.Qxa6 Rxg2 22.Nf5 Rxd1+
23.Bxd1 f3+ 24.Nxh6 Qc5 25.Nxf7 Bxf7 26.Qa8+ Kg7 27.Qxf3 Rxf2 28.Qg4+ Bg6
29.Re2 Rxe2 30.Qxe2 h5 31.c3 h4 32.a3  1/2-1/2

[Event "2nd MAIG Team Standard"]
[Site "Macau CHN"]
[Date "2007.10.30"]
[Round "5"]
[White "Sukandar,I"]
[Black "Paridar,S"]
[Result "1-0"]
[WhiteElo "2275"]
[BlackElo "2236"]

1.e4 c5 2.Nf3 Nc6 3.d4 cxd4 4.Nxd4 Qc7 5.Nc3 e6 6.Be3 a6 7.Bd3 Nf6 8.O-O Ne5
9.h3 Bc5 10.Kh1 d6 11.f4 Ng6 12.Qf3 O-O 13.Rae1 b5 14.a3 Qb6 15.Qf2 b4 16.Na4 Qc7
17.axb4 Bxb4 18.c3 Bc5 19.Nxc5 dxc5 20.Ne2 c4 21.Bb1 Bb7 22.Ng3 Nd7 23.f5 Nge5
24.Nh5 exf5 25.Qg3 g6 26.exf5 Qc6 27.Bd4 Nd3 28.Re7 Rad8 29.Rxd7 Rxd7 30.Nf6+ Kh8
31.Nxd7+ f6 32.Nxf8  1-0

[Event "TCh-HUN 2007-8"]
[Site "Budapest HUN"]
[Date "2007.11.11"]
[Round "2"]
[White "Szamoskozi,G"]
[Black "Berczes,C"]
[Result "0-1"]
[WhiteElo "2280"]
[BlackElo "2419"]

1.e4 c5 2.Nf3 Nc6 3.d4 cxd4 4.Nxd4 Qc7 5.Nc3 e6 6.Be2 a6 7.O-O Nf6 8.Be3 Be7
9.f4 d6 10.Kh1 O-O 11.Qe1 Nxd4 12.Bxd4 b5 13.a3 Bb7 14.Qg3 Rad8 15.Rae1 Rd7
16.Bd3 Bc6 17.Bxf6 Bxf6 18.e5 dxe5 19.fxe5 Be7 20.Ne4 Rd5 21.Ng5 Bxg5 22.Qxg5 f5
23.Qe3 Rfd8 24.h3 Bb7 25.a4 Qc6 26.axb5 Rxb5 27.Qg5 Rxd3 28.cxd3 Rxb2 29.Rg1 h6
30.Qg6 Qd5 31.d4 Rb3 32.Kh2 f4 33.Rc1 Rg3 34.Qc2 a5 35.Qd2 a4 36.Rc3 Rxc3
37.Qxc3 Qb3 38.Qxb3 axb3 39.Rb1 Bd5 40.Kg1 Kf7 41.Kf2 Kg6 42.g3 Kf5 43.gxf4 Kxf4
44.Ke2 Ke4 45.Rd1 g5 46.Rd2 h5 47.Kf2 g4 48.hxg4 hxg4 49.Rd1 Kf4 50.Rd2 g3+
51.Ke2 Ke4 52.Rd1 Bc4+ 53.Kd2 g2 54.Rg1 Kf3 55.Kc3 Bd5  0-1

[Event "SPICE Cup"]
[Site "Lubbock USA"]
[Date "2007.11.11"]
[Round "3"]
[White "Lugo,Bl"]
[Black "Miton,K"]
[Result "1/2-1/2"]
[WhiteElo "2411"]
[BlackElo "2628"]

1.e4 c5 2.Nf3 Nc6 3.d4 cxd4 4.Nxd4 Qb6 5.Nb3 Nf6 6.Nc3 e6 7.Be3 Qc7 8.Qd2 Bb4
9.f3 a6 10.O-O-O b5 11.Bf4 e5 12.Bg5 Nd8 13.Kb1  1/2-1/2

[Event "WYg18"]
[Site "Kemer TUR"]
[Date "2007.11.18"]
[Round "1"]
[White "Levy Ortiz,M"]
[Black "Nemcova,Kat"]
[Result "0-1"]
[WhiteElo "1910"]
[BlackElo "2255"]

1.e4 c5 2.Nf3 Nc6 3.d4 cxd4 4.Nxd4 Qc7 5.Nc3 e6 6.Be2 a6 7.O-O Nf6 8.Be3 Be7
9.f4 d6 10.a4 O-O 11.Kh1 Re8 12.Qe1 Bd7 13.Rd1 Rac8 14.Nb3 Nb4 15.Qd2 Bc6
16.Bf3 b6 17.Qf2 Rb8 18.Rd2 Bf8 19.f5 e5 20.Bg5 Be7 21.Rfd1 Rbd8 22.Be3 Rb8
23.Bg5 Red8 24.Qg3 Ne8 25.Be3 Bf6 26.Nc1 Qd7 27.b3 Qc7 28.Nd3 Bb7 29.Ne2 Nc6
30.c4 Ba8 31.Nc3 Nd4 32.Bxd4 exd4 33.Nd5 Bxd5 34.cxd5 Qc3 35.b4 Rbc8 36.Qe1 Be5
37.Rc1 Qa3 38.Ra1 Qc3 39.Rc1 Qb3 40.Ra1 Rc3 41.Bd1 Qc4 42.Nxe5 dxe5 43.Qe2 Qxb4
44.Qxa6 Re3 45.Rf2 Qb2  0-1

[Event "WYb16"]
[Site "Kemer TUR"]
[Date "2007.11.20"]
[Round "3"]
[White "Poetz,F"]
[Black "Chirila,I"]
[Result "0-1"]
[WhiteElo "2174"]
[BlackElo "2423"]

1.e4 c5 2.Nf3 Nc6 3.d4 cxd4 4.Nxd4 Qb6 5.Nb3 Nf6 6.Nc3 e6 7.Qe2 d6 8.g4 a6
9.Bd2 Qc7 10.O-O-O b5 11.g5 Nd7 12.f4 Nb6 13.Bg2 Nc4 14.Kb1 Be7 15.h4 Bb7
16.Bc1 N6a5 17.Qd3 O-O-O 18.h5 Kb8 19.h6 g6 20.a3 Rc8 21.Na2 Rhd8 22.Rhf1 d5
23.e5 Nc6 24.Bh1 a5 25.c3 Ba6 26.Qf3 Qb7 27.Nd4 b4 28.axb4 axb4 29.Nxc6+ Rxc6
30.cxb4 Bxb4 31.Nxb4 Qxb4 32.Qc3 Qxc3 33.bxc3 Nb6 34.Rf2 Rxc3 35.Rb2 Kc7
36.Bd2 Bd3+ 37.Ka1 Ra8+ 38.Ra2 Rca3 39.Rc1+ Nc4  0-1

[Event "WYb16"]
[Site "Kemer TUR"]
[Date "2007.11.21"]
[Round "4"]
[White "Arenas,D"]
[Black "Jorczik,J"]
[Result "1-0"]
[WhiteElo "2184"]
[BlackElo "2362"]

1.e4 c5 2.Nf3 Nc6 3.d4 cxd4 4.Nxd4 Qb6 5.Nb3 Nf6 6.Nc3 e6 7.Qe2 Qc7 8.g4 d6
9.g5 Nd7 10.Be3 a6 11.O-O-O b5 12.f4 Be7 13.Qf2 Rb8 14.Kb1 Nb6 15.h4 b4 16.Ne2 a5
17.Ned4 Nxd4 18.Nxd4 Nc4 19.Bc1 e5 20.Bxc4 Qxc4 21.Nf5 Bxf5 22.exf5 e4 23.Qd4 Qxd4
24.Rxd4 Rb5 25.Rxe4 Kd7 26.Rhe1 Bd8 27.f6 gxf6 28.b3 fxg5 29.fxg5 h6 30.gxh6 Rh5
31.Rf1 f5 32.Rd4 Kc6 33.Rfd1 Bc7 34.Bg5 R5xh6 35.Bxh6 Rxh6 36.Rf1 Rh5 37.Rg1 Bb6
38.Rc4+ Kd5 39.Rg5 Rxg5 40.hxg5 Ke5 41.g6 Kf6 42.Rc6 Bc5  1-0

[Event "WYb16"]
[Site "Kemer TUR"]
[Date "2007.11.24"]
[Round "7"]
[White "Hovhannisyan,R"]
[Black "Chirila,I"]
[Result "0-1"]
[WhiteElo "2273"]
[BlackElo "2423"]

1.e4 c5 2.Nf3 Nc6 3.d4 cxd4 4.Nxd4 Qb6 5.Nb3 Nf6 6.Nc3 e6 7.Bd3 Qc7 8.f4 d6
9.Qf3 a6 10.Be3 Be7 11.g4 Nd7 12.O-O-O b5 13.g5 Nb6 14.Kb1 Na4 15.Ne2 Bd7
16.Qf2 Nb4 17.f5 e5 18.Rc1 a5 19.Ng3 Nxb2 20.Kxb2 a4 21.a3 Na6 22.f6 gxf6
23.Nh5 b4 24.Ng7+ Kf8 25.Bxa6 Qc3+ 26.Ka2 Rxa6 27.Rb1 axb3+ 28.Rxb3 Rxa3+
29.Rxa3 Qxa3+ 30.Kb1 b3 31.gxf6 Bxf6 32.Nh5 Be6 33.cxb3 Qxb3+ 34.Kc1 Be7
35.Bh6+ Ke8 36.Ng7+ Kd8 37.Nxe6+ Qxe6 38.Qb6+ Ke8 39.Qb8+ Bd8 40.Bg5 f6 41.Bd2 Qc4+
42.Kd1 Qa4+ 43.Kc1 Qa1+ 44.Qb1 Qxb1+ 45.Kxb1 Rg8 46.Kc2 Kf7 47.Kd3 Ke6 48.Be3 Rg2
49.h3 Rg3 50.Ke2 f5 51.exf5+ Kxf5 52.Bf2 Rb3 53.Rd1 Bb6 54.Be1 Bd4 55.h4 Ke4
56.Kf1 Kf3 57.h5 d5 58.h6 Rb2 59.Bd2 e4 60.Ke1 e3 61.Kf1 e2+  0-1

[Event "20th Belgrade Trophy"]
[Site "Belgrade SRB"]
[Date "2007.11.26"]
[Round "5"]
[White "Stojkovska,M"]
[Black "Djekovic,Z"]
[Result "1/2-1/2"]
[WhiteElo "1878"]
[BlackElo "2042"]

1.e4 c5 2.Nf3 Nc6 3.d4 cxd4 4.Nxd4 Qb6 5.Nb3 Nf6 6.Nc3 e6 7.Be3 Qc7 8.a3 Be7
9.Be2 O-O 10.O-O Rd8 11.f4 d5 12.e5 Ne8 13.Nb5 Qb8 14.N5d4 g6 15.Qe1 Ng7
16.Bd3 f6 17.exf6 Bxf6 18.Qd2 Nf5 19.Bxf5 exf5 20.Rab1 Qd6 21.c3 b6 22.Nxc6 Qxc6
23.Bd4 Bb7 24.Bxf6 Qxf6 25.Nd4 Re8 26.Rfe1 Re4 27.Qf2 Rae8 28.Rbd1 Rxe1+
29.Rxe1 Rxe1+ 30.Qxe1 Kf7 31.g3 Qe7 32.Qxe7+ Kxe7 33.Kf2 Kd6 34.Nb3 a5 35.Ke3 a4
36.Nd2 Kc5 37.Kd3 Ba6+ 38.Ke3 Bb5 39.Nf3 Bf1 40.Nd2 Bg2 41.Kd3 Be4+ 42.Ke3 b5
43.Nf1 Bh1 44.Nd2 Bg2 45.Kd3 Be4+ 46.Ke3 h6 47.h4  1/2-1/2

[Event "Open"]
[Site "Rijeka CRO"]
[Date "2007.11.26"]
[Round "3"]
[White "Zufic,M"]
[Black "Miladinovic,I"]
[Result "1/2-1/2"]
[WhiteElo "2452"]
[BlackElo "2603"]

1.e4 c5 2.Nf3 Nc6 3.d4 cxd4 4.Nxd4 Qc7 5.Nc3 e6 6.Be3 a6 7.Bd3 Nf6 8.O-O h5
9.h3 b5 10.Nb3 Ne5 11.f4 Nc4 12.Bd4 Nxb2 13.Nxb5 axb5 14.Bxb2 Bb7 15.Qe2 b4
16.e5 Nd5 17.Bd4 g6 18.Nd2 Bc5 19.Qf2 Bxd4 20.Qxd4 Ba6 21.Ne4 Qa7 22.Nc5 Bxd3
23.cxd3 O-O 24.Qf2 f6 25.d4 f5 26.Qh4 Qc7 27.Rf3 Qd8 28.Qf2 Qe7 29.Kh2 Kh7
30.a4 Ra7 31.a5 Rg8 32.a6 Rg7 33.Ra5 d6 34.exd6 Qxd6 35.Kh1 Nc3 36.Qe3 Rge7
37.Rf1 Qc6 38.Qd3 Nd5 39.Raa1 Qb6 40.Qb3 Qd6 41.Qf3 Rec7 42.Rae1 Rxc5 43.dxc5 Qxa6
44.Rf2 Qc4 45.Rxe6 Ra1+ 46.Kh2 h4 47.g3 Qc1 48.Qg2 Ne3 49.Re7+ Kh6 50.Rxe3 Qxe3
51.gxh4 b3 52.Qg5+ Kg7 53.Rg2 Qe6 54.c6 Ra2 55.c7 Rc2 56.Qd8 Qe4 57.Rxc2 Qxf4+
58.Kg2 Qe4+ 59.Kg1 bxc2  1/2-1/2

[Event "TCh-BEL 2007-8"]
[Site "Belgium BEL"]
[Date "2007.12.02"]
[Round "5"]
[White "Smits,Mar"]
[Black "Golod,V"]
[Result "0-1"]
[WhiteElo "2296"]
[BlackElo "2606"]

1.e4 c5 2.Nf3 Nc6 3.d4 cxd4 4.Nxd4 Qb6 5.Nb3 Nf6 6.Nc3 e6 7.Bd3 a6 8.Qe2 d6
9.g4 Qc7 10.g5 Nd7 11.f4 b5 12.a3 Nc5 13.Be3 Rb8 14.O-O Be7 15.f5 Ne5 16.Nd4 b4
17.Nd1 Nexd3 18.cxd3 e5 19.Nc2 Nb3 20.Rb1 d5 21.exd5 bxa3 22.bxa3 Nd4 23.Bxd4 Rxb1
24.Bxe5 Qc5+ 25.Bd4 Qxd5 26.Re1 Rb7 27.Bxg7 Rg8 28.Bf6 Qd6 29.Nc3 Qxf6  0-1

[Event "Parsvnath ch-Commonwealth"]
[Site "New Delhi IND"]
[Date "2007.12.03"]
[Round "2"]
[White "Bhatt,V"]
[Black "Priyadharshan,K"]
[Result "0-1"]
[WhiteElo "2095"]
[BlackElo "2298"]

1.e4 c5 2.Nf3 Nc6 3.d4 cxd4 4.Nxd4 Qb6 5.Nb3 e6 6.Be3 Qc7 7.Nc3 Bb4 8.Qg4 Qe5
9.Bd2 Nf6 10.Qxg7 Rg8 11.f4 Rxg7 12.fxe5 Bxc3 13.exf6 Bxf6 14.O-O-O Ke7 15.Na5 d6
16.h3 Nxa5 17.Bxa5 Bd7 18.g4 Bc6 19.Bg2 h5 20.Bf3 hxg4 21.hxg4 Be5 22.Rh3 Rag8
23.c4 Rxg4 24.Bxg4 Rxg4 25.Bc3 Bf4+ 26.Bd2 Be5 27.Bc3 Bxc3 28.Rxc3 Rxe4 29.b4 a6
30.b5 axb5 31.cxb5 Bxb5 32.Rc7+ Bd7 33.Rxb7 d5 34.Kb2 Kd6 35.Rb6+ Ke5 36.Rb7 Ba4
37.Rd2 f5 38.a3 f4 39.Rb4 f3 40.Kc3 Kf4 41.Rh2 Rxb4 42.axb4 Ke3  0-1